<?xml version="1.0" encoding="UTF-8"?><?xml-stylesheet type="text/xsl" href="static/style.xsl"?><OAI-PMH xmlns="http://www.openarchives.org/OAI/2.0/" xmlns:xsi="http://www.w3.org/2001/XMLSchema-instance" xsi:schemaLocation="http://www.openarchives.org/OAI/2.0/ http://www.openarchives.org/OAI/2.0/OAI-PMH.xsd"><responseDate>2026-05-17T01:15:44Z</responseDate><request verb="GetRecord" identifier="oai:repisalud.isciii.es:20.500.12105/15531" metadataPrefix="marc">https://repisalud.isciii.es/rest/oai/request</request><GetRecord><record><header><identifier>oai:repisalud.isciii.es:20.500.12105/15531</identifier><datestamp>2025-06-23T16:38:51Z</datestamp><setSpec>com_20.500.12105_2052</setSpec><setSpec>com_20.500.12105_2051</setSpec><setSpec>col_20.500.12105_19608</setSpec><setSpec>col_20.500.12105_19619</setSpec></header><metadata><record xmlns="http://www.loc.gov/MARC21/slim" xmlns:dcterms="http://purl.org/dc/terms/" xmlns:doc="http://www.lyncode.com/xoai" xmlns:xsi="http://www.w3.org/2001/XMLSchema-instance" xsi:schemaLocation="http://www.loc.gov/MARC21/slim http://www.loc.gov/standards/marcxml/schema/MARC21slim.xsd">
   <leader>00925njm 22002777a 4500</leader>
   <datafield ind2=" " ind1=" " tag="042">
      <subfield code="a">dc</subfield>
   </datafield>
   <datafield ind2=" " ind1=" " tag="720">
      <subfield code="a">Pascual-Carrasco, Mario</subfield>
      <subfield code="e">author</subfield>
   </datafield>
   <datafield ind2=" " ind1=" " tag="720">
      <subfield code="a">Burgos Llamo, Alfredo</subfield>
      <subfield code="e">author</subfield>
   </datafield>
   <datafield ind2=" " ind1=" " tag="720">
      <subfield code="a">Jarrin Vera, Inmaculada</subfield>
      <subfield code="e">author</subfield>
   </datafield>
   <datafield ind2=" " ind1=" " tag="720">
      <subfield code="a">Pedrera-Jiménez, Miguel</subfield>
      <subfield code="e">author</subfield>
   </datafield>
   <datafield ind2=" " ind1=" " tag="720">
      <subfield code="a">García-Barrio, Noelia</subfield>
      <subfield code="e">author</subfield>
   </datafield>
   <datafield ind2=" " ind1=" " tag="720">
      <subfield code="a">Sánchez-de-Madariaga, Ricardo</subfield>
      <subfield code="e">author</subfield>
   </datafield>
   <datafield ind2=" " ind1=" " tag="720">
      <subfield code="a">Muñoz Carrero, Adolfo</subfield>
      <subfield code="e">author</subfield>
   </datafield>
   <datafield ind2=" " ind1=" " tag="260">
      <subfield code="c">2022-11</subfield>
   </datafield>
   <datafield ind2=" " ind1=" " tag="520">
      <subfield code="a">CoRIS es el registro longitudinal de datos clínico epidemiológicos de la cohorte española de investigación SIDA. CoRIS es conforme a HICDEP, modelo relacional monopropósito no alineado con las características que constituyen las bases esenciales en repositorios avanzados para usos secundarios: capacidad de integración flexible de nuevas fuentes de datos, interoperabilidad semántica y diseño multi-propósito. Este aspecto supone una dificultad para la evolución de CoRIS en relación con la reutilización y uso compartido de datos y la replicación de estudios. En el ámbito de los usos secundarios, se posicionan como referencia los modelos comunes de datos (CDM); entre ellos, destaca OMOP-CDM. A partir de CoRIS/HICDEP, se ha implementado una nueva instancia conforme al modelo OMOP-CDM. Se ha evaluado la nueva instancia CoRIS/OMOP frente a CoRIS/HICDEP y se ha demostrado no-inferioridad en relación con: capacidad de cobertura de conceptos; integridad de datos; y capacidad para replicar cohortes complejas. De 410 conceptos clínico-epidemiológicos en CoRIS, se ha alcanzado una cobertura semántica óptima en un 79% y sub-óptima 20,2%. Se ha verificado la integridad de los datos al 100% (identificación y extracción). Se ha replicado de forma precisa las cohortes de tres estudios científicos publicados en dominios combinados relevantes para CoRIS (análisis de enfermedades definitorias SIDA; pautas antirretrovirales; pruebas de laboratorio). CoRIS/OMOP demuestra ser un repositorio no-inferior a CoRIS/HICDEP, adicionalmente aportando a CoRIS capacidad semántica en persistencia y explotación (reutilización y replicabilidad de evidencia), y escalabilidad en volumen e integración de nuevas fuentes y dominios de datos sin modificaciones en su modelo de datos.</subfield>
   </datafield>
   <datafield ind1="8" ind2=" " tag="024">
      <subfield code="a">Pascual-Carrasco, M; Burgos Llamo, A; Jarrín Vera, I; Pedrera-Jiménez, M; García-Barrio, N; Sánchez-de Madariaga, R; Muñoz Carrero, A. Transformación OMOP-CDM del repositorio para usos secundarios de la cohorte de la Red Española de Investigación en SIDA (CoRIS). Libro de Actas del XL Congreso Anual de la Sociedad Española de Ingeniería Biomédica CASEIB 2022. 121-124.</subfield>
   </datafield>
   <datafield ind1="8" ind2=" " tag="024">
      <subfield code="a">978-84-09-45972-8</subfield>
   </datafield>
   <datafield ind1="8" ind2=" " tag="024">
      <subfield code="a">http://hdl.handle.net/20.500.12105/15531</subfield>
   </datafield>
   <datafield tag="653" ind2=" " ind1=" ">
      <subfield code="a">CoRIS</subfield>
   </datafield>
   <datafield tag="653" ind2=" " ind1=" ">
      <subfield code="a">Modelos de datos</subfield>
   </datafield>
   <datafield tag="653" ind2=" " ind1=" ">
      <subfield code="a">Modelo OMOP-CDM</subfield>
   </datafield>
   <datafield tag="653" ind2=" " ind1=" ">
      <subfield code="a">Enfermedades definitorias SIDA</subfield>
   </datafield>
   <datafield tag="653" ind2=" " ind1=" ">
      <subfield code="a">Pautas antirretrovirales</subfield>
   </datafield>
   <datafield tag="653" ind2=" " ind1=" ">
      <subfield code="a">Pruebas de laboratorio</subfield>
   </datafield>
   <datafield ind2="0" ind1="0" tag="245">
      <subfield code="a">Transformación OMOP-CDM del repositorio para usos secundarios de la cohorte de la Red Española de Investigación en SIDA (CoRIS)</subfield>
   </datafield>
</record></metadata></record></GetRecord></OAI-PMH>